| 000 | 00000nam##2200000za#4500 |
| 001 | 9.634781 |
| 003 | CaOODSP |
| 005 | 20210624215936 |
| 007 | cr ||||||||||| |
| 008 | 150407|2007||||xxc|||||o f|0| 0 fre|d |
| 020 | |a978-0-662-07560-8 |
| 040 | |aCaOODSP|bfre |
| 043 | |an-cn--- |
| 086 | 1 |aH164-58/2007F-PDF |
| 110 | 1 |aCanada. |bSanté Canada. |
| 245 | 10|aDirection des produits de santé commercialisés - rétrospective : |h[ressource électronique]|bles cinq premières années - 2002-2007 |
| 260 | |aOttawa - Ontario : |bSanté Canada |cc2008. |
| 300 | |a28p.|bfigures en couleur, ill. en couleur, graphiques, photographies |
| 590 | |a12-42-Supp|b2012-11-21 |
| 691 | 07|aProduit pour les soins de santé|2gcpds |
| 775 | 08|tMarket Health Products Directorate - retrospective : |w(CaOODSP)9.690417 |
| 856 | 40|ahttp://publications.gc.ca|qPDF|s1.70 Mo|uhttps://publications.gc.ca/collections/collection_2012/sc-hc/H164-58-2007-fra.pdf |
| 986 | |aSC Pub. : 1435 |